Catálogo
 En Linea

Boletín de adquisiciones : (Registro nro. 29322)

Detalles MARC
000 -CABECERA
campo de control de longitud fija 00486nam a2200145 a 4500
001 - NÚMERO DE CONTROL
campo de control 000029830
005 - FECHA Y HORA DE LA ÚLTIMA TRANSACCIÓN
campo de control 20200930055835.0
008 - DATOS DE LONGITUD FIJA--INFORMACIÓN GENERAL
campo de control de longitud fija 110426s2002 dr 000 0 spa d
040 ## - FUENTE DE LA CATALOGACIÓN
Centro catalogador/agencia de origen DO-SdBNP
Lengua de catalogación spa
Centro/agencia transcriptor BNPHU
049 ## - FONDOS LOCALES (OCLC)
Fondos de biblioteca BNPD
245 00 - MENCIÓN DE TÍTULO
Título Boletín de adquisiciones :
Resto del título mayo 2000-diciembre 2001.
260 ## - PUBLICACIÓN, DISTRIBUCIÓN, ETC.
Lugar de publicación, distribución, etc. Santo Domingo :
Nombre del editor, distribuidor, etc. Sociedad Dominicana de Bibliófilos
-- Biblioteca Enrique Apolinar Enríquez,
Fecha de publicación, distribución, etc. 2002.
Fabricante Editora Corripio
300 ## - DESCRIPCIÓN FÍSICA
Extensión 81 p. ;
Dimensiones 23 cm.
500 ## - NOTA GENERAL
Nota general Incluye índice
Existencias
Estado de retiro Estado de pérdida No para préstamo Código de colección Localización permanente Ubicación/localización actual Ubicación en estantería Fecha de adquisición Número de inventario Total de préstamos Signatura topográfica completa Código de barras Fecha visto por última vez Precio válido a partir de Tipo de ítem Koha
    Excluido de préstamo Patrimonio Dominicano Patrimonio Dominicano Patrimonio Dominicano En catalogación 26.04.2011 LF1   29830-10 25.06.2020 25.06.2020 Libro y Folleto Colección Patrimonio Dominicano

Con tecnología Koha